WORLD'S BEST BOYFRIEND (Record no. 3112)
[ view plain ]
| 000 -LEADER | |
|---|---|
| fixed length control field | 00593nam a22001337a 4500 |
| 082 ## - DEWEY DECIMAL CLASSIFICATION NUMBER | |
| Classification number | 823 |
| Item number | DAT/W |
| 100 ## - MAIN ENTRY--AUTHOR NAME | |
| Personal name | DATTA,DURJOY |
| 245 ## - TITLE STATEMENT | |
| Title | WORLD'S BEST BOYFRIEND |
| 260 ## - PUBLICATION, DISTRIBUTION, ETC. (IMPRINT) | |
| Place of publication | HARYANA |
| Name of publisher | PENGUIN RANDOM HOUSE COMPANY |
| 300 ## - PHYSICAL DESCRIPTION | |
| Number of Pages | 288 |
| 520 ## - SUMMARY, ETC. | |
| Summary, etc | The book is a complete package defining love, friendship, betrayal and hatred that exists between the main characters of the story, Dhurv and Aranya. The story revolves around them. Both hate each other and could cross any limit to hurt each other, but still they cannot stay away from each other. |
| 650 ## - SUBJECT ADDED ENTRY--TOPICAL TERM | |
| Topical Term | ENGLISH- NOVEL |
| Geographic subdivision | INDIA |
| 942 ## - ADDED ENTRY ELEMENTS (KOHA) | |
| Koha item type | Books |
| Withdrawn status | Lost status | Collection code | Home library | Current library | Shelving location | Date acquired | Source of acquisition | Cost, normal purchase price | Full call number | Accession Number | Koha item type |
|---|---|---|---|---|---|---|---|---|---|---|---|
| Fiction | Main Library | Main Library | SHELF-2-I ENGLIAH NOVEL TEACHERS | 31/03/2016 | PURCHASE | 175.00 | 823 DAT/W | 09455 | Books |